[Event "SC Gerthe - Werne 1 - SV Kamen 2"]
[Site "Verbandsklasse - Gruppe 2 201"]
[Date "2018.10.07"]
[Round "2.6"]
[White "Boost, Juergen"]
[Black "Bals, Jochen"]
[Result "1/2-1/2"]
[WhiteElo "1807"]
[BlackElo "1855"]
[PlyCount "125"]
[EventDate "2018.??.??"]

1. e4 c5 2. Nf3 g6 3. Bc4 Bg7 4. O-O Nc6 5. c3 Na5 6. Be2 Nf6 7. e5 Nd5 8. d4
cxd4 9. cxd4 O-O 10. Nc3 Nxc3 11. bxc3 Qc7 12. Bd2 Nc4 13. Bf4 b6 14. Qa4 Na5
15. Rac1 Bb7 16. c4 Qc6 17. Qxc6 Nxc6 18. d5 Nb4 19. a3 Na6 20. Nd2 Nc5 21.
Rfd1 f6 22. exf6 Bxf6 23. Rc2 Kg7 24. Be3 Rac8 25. f3 h6 26. Ne4 Nxe4 27. fxe4
d6 28. a4 Ba6 29. Bd3 Rc7 30. Rdc1 Rfc8 31. Kf2 Be5 32. g3 h5 33. a5 Rb8 34.
axb6 axb6 35. Rb1 Rbb7 36. Rxb6 Rxb6 37. Bxb6 Rb7 38. Be3 Rb4 39. Ke2 Ra4 40.
c5 Bxd3+ 41. Kxd3 Ra3+ 42. Ke2 dxc5 43. Bxc5 Ra4 44. Ke3 Kf7 45. Rf2+ Ke8 46.
Rd2 Bg7 47. Rd3 Rc4 48. Bd4 Bh6+ 49. Kf3 Rc2 50. h4 g5 51. hxg5 Bxg5 52. Be3
Bxe3 53. Rxe3 Kf7 54. Kf4 Kf6 55. e5+ Kg6 56. Rf3 Rc4+ 57. Ke3 Ra4 58. Kd2 Ra2+
59. Kc1 Re2 60. e6 Re5 61. Rd3 Re4 62. Kd2 Kf6 63. d6 1/2-1/2

[Event "SC Gerthe - Werne 1 - SV Kamen 2"]
[Site "Verbandsklasse - Gruppe 2 201"]
[Date "2018.10.07"]
[Round "2.7"]
[White "Rotter, Chris"]
[Black "Ulrich, Robin"]
[Result "1-0"]
[WhiteElo "1711"]
[BlackElo "1632"]
[PlyCount "79"]
[EventDate "2018.??.??"]

1. Nf3 d5 2. b3 c5 3. Bb2 Nf6 4. g3 Nc6 5. Bg2 Bf5 6. O-O e6 7. d3 Be7 8. Nbd2
O-O 9. h3 Qc7 10. Nh4 Rad8 11. Qc1 Bg6 12. Nxg6 fxg6 13. e4 d4 14. Nf3 Nd7 15.
c3 Nde5 16. Ne1 dxc3 17. Bxc3 Nxd3 18. Nxd3 Rxd3 19. Qc2 Rd7 20. Rad1 Rxd1 21.
Rxd1 e5 22. Rd5 Bd6 23. Qd3 Nd4 24. Bxd4 cxd4 25. Bf1 a6 26. Qc4 b5 27. Rxb5+
Rf7 28. Rd5 Kf8 29. Qxc7 Bxc7 30. Bxa6 Ke7 31. a4 Bd6 32. Bc4 Rf3 33. Kg2 Rc3
34. a5 d3 35. a6 Bc5 36. Rxc5 d2 37. Rd5 Rc2 38. a7 Ra2 39. Rxe5+ Kf6 40. Rd5
1-0

[Event "SC Gerthe - Werne 1 - SV Kamen 2"]
[Site "Verbandsklasse - Gruppe 2 201"]
[Date "2018.10.07"]
[Round "2.8"]
[White "Gawlick, Matthias"]
[Black "Markert, Dirk"]
[Result "1/2-1/2"]
[WhiteElo "1559"]
[BlackElo "1838"]
[PlyCount "109"]
[EventDate "2018.??.??"]

1. d4 d5 2. Nf3 c5 3. Bf4 Nf6 4. e3 Nc6 5. Be2 Qb6 6. Nc3 cxd4 7. exd4 g6 8. h3
Bd7 9. O-O Bg7 10. Na4 Qa5 11. Nc5 O-O 12. Nxd7 Nxd7 13. c3 e6 14. Qb3 Qb6 15.
Qxb6 Nxb6 16. Rac1 Rac8 17. Rfd1 Rfd8 18. Ne1 Ne7 19. Nd3 Nd7 20. Bf3 b5 21.
Bd6 Nf5 22. Bb4 Bh6 23. Ra1 Re8 24. a4 a6 25. axb5 axb5 26. Ra5 Rb8 27. Rda1
Bf8 28. Bxf8 Kxf8 29. Be2 Nd6 30. Ra7 Re7 31. Nb4 Rc8 32. R1a5 Nc4 33. Bxc4
bxc4 34. Rb7 Nf6 35. Rb6 Rec7 36. Kf1 Nd7 37. Rbb5 h5 38. Nc2 Ke7 39. Ne3 Rb8
40. Rxb8 Nxb8 41. Rb5 Nd7 42. Ke2 Kd6 43. f4 Kc6 44. Rb4 Ra7 45. Nc2 Nb6 46.
Kd2 f6 47. g3 g5 48. Ke3 Rg7 49. Kf3 h4 50. g4 f5 51. Ne3 gxf4 52. Kxf4 fxg4
53. Nxg4 Nd7 54. Ra4 Kb6 55. Ra8 1/2-1/2

[Event "FS Dortmund 1 - SVG Marten-Bövinghausen"]
[Site "Verbandsklasse - Gruppe 2 201"]
[Date "2018.10.07"]
[Round "2.1"]
[White "Hellwig, Thomas"]
[Black "Reichmann, Oleg"]
[Result "1/2-1/2"]
[WhiteElo "1892"]
[BlackElo "2024"]
[PlyCount "58"]
[EventDate "2018.??.??"]

1. d4 Nf6 2. c4 e6 3. Nf3 b6 4. g3 Be7 5. Bg2 Bb7 6. O-O O-O 7. Nc3 d5 8. cxd5
exd5 9. Ne5 c6 10. Qa4 Qd6 11. Bf4 Qe6 12. e4 dxe4 13. Nxe4 Nd5 14. Rfe1 Nxf4
15. gxf4 Qf5 16. d5 cxd5 17. Ng3 Qf6 18. Nd7 Nxd7 19. Qxd7 Bb4 20. Qxb7 Bxe1
21. Rxe1 Qxf4 22. Bxd5 Rad8 23. Re7 Qc1+ 24. Kg2 Qf4 25. Rd7 Rxd7 26. Qxd7 a5
27. Nf5 Qg4+ 28. Kf1 Qd1+ 29. Kg2 Qg4+ 1/2-1/2

[Event "FS Dortmund 1 - SVG Marten-Bövinghausen"]
[Site "Verbandsklasse - Gruppe 2 201"]
[Date "2018.10.07"]
[Round "2.2"]
[White "Hein, Erwin"]
[Black "GroÃŸe-Venhaus, Philipp"]
[Result "0-1"]
[WhiteElo "2001"]
[BlackElo "1793"]
[Annotator "Daniel"]
[PlyCount "92"]
[EventDate "2018.??.??"]

1. d4 e6 2. c4 d5 3. Nf3 Nf6 4. Nc3 Nbd7 5. cxd5 exd5 6. Bg5 Bb4 7. e3 c5 8.
Qc2 Qa5 9. Nd2 cxd4 10. exd4 O-O 11. Be2 Re8 12. Nb3 Qc7 13. Rc1 Ne4 $11 14.
Be3 Ndf6 15. O-O Nxc3 16. bxc3 Ba3 17. Rcd1 Bg4 18. Rfe1 Bxe2 19. Rxe2 Rac8 20.
Rd3 Ne4 21. Bd2 Bb4 22. f3 Nxd2 23. Rxe8+ Rxe8 24. Nxd2 Bd6 25. Nf1 g6 26. Qb3
Qd7 27. Re3 Re6 28. Rxe6 fxe6 29. Ne3 b5 30. Ng4 Kg7 31. g3 a5 $11 32. f4 Qc6
33. Ne5 Bxe5 34. fxe5 Qc4 35. Qa3 b4 36. cxb4 Qxd4+ 37. Kg2 axb4 38. Qa5 Qe4+
39. Kg1 Qxe5 40. Qxb4 Qa1+ 41. Kg2 Qxa2+ 42. Kh3 Qf2 43. Qb7+ Kf6 44. Qa6 g5
45. Qa1+ d4 46. Qd1 h5 0-1

[Event "FS Dortmund 1 - SVG Marten-Bövinghausen"]
[Site "Verbandsklasse - Gruppe 2 201"]
[Date "2018.10.07"]
[Round "2.3"]
[White "Gielisch, Eckhart"]
[Black "Khess, Igor"]
[Result "1-0"]
[WhiteElo "1771"]
[BlackElo "1959"]
[PlyCount "67"]
[EventDate "2018.??.??"]

1. d4 d5 2. c4 e6 3. Nc3 Nf6 4. Bg5 Nbd7 5. e3 Be7 6. Nf3 O-O 7. Rc1 c6 8. a3
Nh5 9. Bxe7 Qxe7 10. Bd3 dxc4 11. Bxc4 Nhf6 12. O-O e5 13. b4 exd4 14. exd4 Nb6
15. Re1 Qd6 16. Bb3 Bg4 17. Ne4 Nxe4 18. Rxe4 Bxf3 19. Qxf3 Nd7 20. Rce1 Nf6
21. Re7 Rab8 22. Qc3 Nd5 23. Bxd5 Qxd5 24. R1e5 Qd6 25. g3 a6 26. Qe3 g6 27. h4
b5 28. h5 Ra8 29. h6 a5 30. bxa5 Rxa5 31. Qf4 Qxa3 32. Rc7 Qc3 33. Rxf7 Raa8
34. Ree7 1-0

[Event "FS Dortmund 1 - SVG Marten-Bövinghausen"]
[Site "Verbandsklasse - Gruppe 2 201"]
[Date "2018.10.07"]
[Round "2.4"]
[White "Mewes, Karsten"]
[Black "Boxberg, Marc"]
[Result "1/2-1/2"]
[WhiteElo "1939"]
[BlackElo "1801"]
[PlyCount "55"]
[EventDate "2018.??.??"]

1. Nf3 g6 2. d4 Nf6 3. Bf4 Bg7 4. h3 O-O 5. e3 d6 6. c4 c5 7. dxc5 Qa5+ 8. Qd2
Qxc5 9. Nc3 Be6 10. Rc1 Nc6 11. b3 Bf5 12. Be2 Ne4 13. Nxe4 Bxe4 14. O-O Qa3
15. Ne1 Nb4 16. f3 Nxa2 17. fxe4 Nxc1 18. Nc2 Nxe2+ 19. Qxe2 Qxb3 20. Nd4 Bxd4
21. exd4 a5 22. Bh6 Rfc8 23. d5 Qxc4 24. Qg4 Qd4+ 25. Kh1 Qe5 26. Rf5 Rc1+ 27.
Bxc1 Qa1 28. Rf1 1/2-1/2

[Event "FS Dortmund 1 - SVG Marten-Bövinghausen"]
[Site "Verbandsklasse - Gruppe 2 201"]
[Date "2018.10.07"]
[Round "2.5"]
[White "Schulte, Eduard"]
[Black "Lauche, Christoph"]
[Result "1-0"]
[WhiteElo "1740"]
[BlackElo "1834"]
[PlyCount "57"]
[EventDate "2018.??.??"]

1. b3 e5 2. Bb2 Nc6 3. e3 Nf6 4. Bb5 Bd6 5. Ne2 a6 6. Bxc6 dxc6 7. O-O h5 8. d3
Ng4 9. e4 Qh4 10. h3 f5 11. Nd2 f4 12. Nf3 Qe7 13. Re1 Be6 14. hxg4 hxg4 15.
Nxe5 Qh4 16. Kf1 Bxe5 17. Bxe5 Qh1+ 18. Ng1 Rh2 19. Ke2 g3 20. Kd2 gxf2 21. Rf1
fxg1=Q 22. Rxg1 Rxg2+ 23. Kc3 Qh3 24. Rxg2 Qxg2 25. Qh5+ Kd7 26. Bxf4 Qf2 27.
Qe5 c5 28. Qxg7+ Kc6 29. Qxc7+ 1-0

[Event "FS Dortmund 1 - SVG Marten-Bövinghausen"]
[Site "Verbandsklasse - Gruppe 2 201"]
[Date "2018.10.07"]
[Round "2.6"]
[White "Grube, Joerg"]
[Black "Gielisch, Ulrich"]
[Result "1-0"]
[WhiteElo "1822"]
[BlackElo "1661"]
[PlyCount "45"]
[EventDate "2018.??.??"]

1. e4 e6 2. d4 d5 3. Nc3 Nf6 4. e5 Nfd7 5. f4 c5 6. Nf3 Nc6 7. Be3 cxd4 8. Nxd4
Bb4 9. Nde2 O-O 10. a3 Ba5 11. Qd2 f6 12. Nd4 Nxd4 13. Bxd4 fxe5 14. fxe5 Bxc3
15. Qxc3 Qh4+ 16. Kd2 Qf4+ 17. Qe3 Nb8 18. Bd3 Nc6 19. Bc5 Rf7 20. Bd6 Bd7 21.
Raf1 Qxe3+ 22. Kxe3 Rc8 23. Bxh7+ 1-0

[Event "FS Dortmund 1 - SVG Marten-Bövinghausen"]
[Site "Verbandsklasse - Gruppe 2 201"]
[Date "2018.10.07"]
[Round "2.7"]
[White "Ahlich, Mike"]
[Black "Jost, Udo"]
[Result "1-0"]
[WhiteElo "1721"]
[BlackElo "1753"]
[Annotator "Daniel"]
[PlyCount "74"]
[EventDate "2018.??.??"]

1. d4 Nf6 2. c4 e5 3. dxe5 Ne4 4. Nf3 Nc6 5. a3 a5 6. Bf4 Be7 7. Qc2 Nc5 8. e3
Ne6 9. Bg3 b6 10. Be2 O-O 11. O-O Qe8 12. Nc3 Bd8 13. Ne4 h6 14. Rad1 a4 15.
Nd4 Nexd4 16. exd4 Bb7 17. c5 Na5 18. cxb6 f5 19. Nc5 Bd5 20. bxc7 Bxc7 21. f4
Bb6 22. Bf3 Qf7 23. Qxa4 Nc6 24. Qb5 Rfb8 25. Bxd5 Qxd5 26. Qb3 Qxb3 27. Nxb3
Ba7 28. Rf3 Rb5 29. Bf2 Rd5 30. Rfd3 Rb8 31. h3 Kf7 32. g4 g6 33. Kg2 Ke8 34.
gxf5 gxf5 35. Rg3 Kf7 36. Rdd3 Ne7 37. Be1 Rdb5 {ZAo} 1-0

[Event "FS Dortmund 1 - SVG Marten-Bövinghausen"]
[Site "Verbandsklasse - Gruppe 2 201"]
[Date "2018.10.07"]
[Round "2.8"]
[White "Potyrala, Lukasz-Rafal"]
[Black "Wiebesiek, Michael"]
[Result "1/2-1/2"]
[WhiteElo "1619"]
[BlackElo "1520"]
[Annotator "Daniel"]
[PlyCount "76"]
[EventDate "2018.??.??"]

1. d4 d5 2. Nf3 e6 3. Bf4 Bd6 4. Bg3 Nf6 5. e3 O-O 6. Nbd2 Re8 7. Bd3 Nc6 8. c3
e5 9. dxe5 Nxe5 10. Qc2 h6 11. Nxe5 Bxe5 12. Bxe5 Rxe5 13. Nf3 Re7 14. h3 c6
15. g4 Ne4 16. O-O-O Qb6 17. Bxe4 Rxe4 18. Rd4 f5 19. g5 Be6 20. gxh6 gxh6 21.
Rg1+ Kh7 22. Qe2 Rg8 23. Rxg8 Kxg8 $11 24. Nd2 c5 25. Nxe4 cxd4 26. Nf6+ Kf7
27. Nh5 dxc3 28. bxc3 Qc5 29. Qb2 b6 30. Nf4 Qd6 31. Qe2 Qa3+ 32. Qb2 Qa6 33.
Qc2 Qf1+ 34. Kb2 Qb5+ 35. Qb3 Qf1 36. Qc2 Qb5+ 37. Ka3 Qa5+ 38. Kb2 Qb5+
1/2-1/2

[Event "SG Witten 1 - SV Unna 1"]
[Site "Verbandsklasse - Gruppe 3 201"]
[Date "2018.10.07"]
[Round "2.1"]
[White "Barskij, Aleksandr"]
[Black "Baldszun, Martin-Andreas"]
[Result "1-0"]
[WhiteElo "1912"]
[BlackElo "1847"]
[PlyCount "49"]
[EventDate "2018.??.??"]

1. e4 e5 2. Nf3 Nf6 3. Nc3 Nc6 4. d4 exd4 5. Nxd4 Bb4 6. Nxc6 bxc6 7. Bd3 d5 8.
exd5 cxd5 9. O-O O-O 10. h3 h6 11. Nb5 c5 12. c3 Ba5 13. Qf3 a6 14. Na3 Rb8 15.
Bxh6 Bc7 16. Bf4 Rxb2 17. c4 Bxf4 18. Qxf4 Qa5 19. Qf3 Be6 20. Rfc1 d4 21. Nc2
Rfb8 22. Ne1 Rxa2 23. Rxa2 Qxa2 24. Qd1 Qb3 25. Rb1 1-0

[Event "SG Witten 1 - SV Unna 1"]
[Site "Verbandsklasse - Gruppe 3 201"]
[Date "2018.10.07"]
[Round "2.2"]
[White "Werschmoeller, Thomas"]
[Black "Grube, Frank"]
[Result "1/2-1/2"]
[WhiteElo "1847"]
[BlackElo "1793"]
[PlyCount "49"]
[EventDate "2018.??.??"]

1. e4 c5 2. Nf3 e6 3. c3 Nf6 4. e5 Nd5 5. g3 d6 6. Bg2 dxe5 7. Nxe5 Bd6 8. d4
cxd4 9. cxd4 Qc7 10. O-O O-O 11. Qe2 Nd7 12. Nc4 N7b6 13. Nxd6 Qxd6 14. Nc3 Bd7
15. Bd2 Rac8 16. Ne4 Qe7 17. Nc5 Bc6 18. a4 a6 19. Rfe1 Rfd8 20. Ba5 Re8 21. f4
Nd7 22. Nd3 N5f6 23. Bb4 Qd8 24. Bxc6 Rxc6 25. Rac1 1/2-1/2

[Event "SG Witten 1 - SV Unna 1"]
[Site "Verbandsklasse - Gruppe 3 201"]
[Date "2018.10.07"]
[Round "2.3"]
[White "Solberg, Kirsten"]
[Black "Hustert, Volker"]
[Result "1-0"]
[WhiteElo "1817"]
[BlackElo "1911"]
[PlyCount "75"]
[EventDate "2018.??.??"]

1. e4 c5 2. Nf3 e6 3. d4 cxd4 4. Nxd4 a6 5. a4 Nf6 6. Bd3 Qc7 7. O-O d5 8. exd5
Nxd5 9. Re1 Be7 10. Be4 Nf6 11. Bf3 Bd7 12. Nc3 Nc6 13. Nb3 O-O 14. g3 Rad8 15.
Qe2 h6 16. Bf4 Bd6 17. Bxd6 Qxd6 18. Rad1 Qb4 19. Qe3 Na5 20. Rd4 Qb6 21. Rxd7
Qxe3 22. Rxe3 Rxd7 23. Nxa5 b6 24. Nc4 Rb8 25. Re5 Rd4 26. b3 Nd7 27. Re1 Kf8
28. Bc6 Nf6 29. Kg2 Nd5 30. Nxd5 exd5 31. Ne5 Rc8 32. c3 Rd2 33. Nd7+ Kg8 34.
Bxd5 Rxc3 35. Re8+ Kh7 36. Nf8+ Kg8 37. Ng6+ Kh7 38. Bxf7 1-0

[Event "SG Witten 1 - SV Unna 1"]
[Site "Verbandsklasse - Gruppe 3 201"]
[Date "2018.10.07"]
[Round "2.4"]
[White "Hustert, Dirk"]
[Black "Reininghaus, Dennis"]
[Result "1/2-1/2"]
[WhiteElo "2035"]
[BlackElo "1742"]
[PlyCount "66"]
[EventDate "2018.??.??"]

1. d4 Nf6 2. c4 e6 3. Nf3 d5 4. Bg5 Be7 5. e3 c6 6. Nc3 O-O 7. cxd5 exd5 8. Bd3
Nbd7 9. O-O Re8 10. Qc2 h6 11. Bh4 Nh5 12. Bxe7 Qxe7 13. Rae1 Nf8 14. Ne5 Be6
15. Na4 Nf6 16. Nc5 Bc8 17. Rc1 Ne6 18. b4 a6 19. a3 Rd8 20. Nxa6 Nd7 21. Nxd7
Bxd7 22. Nc5 Nxc5 23. bxc5 Rxa3 24. Rb1 Rb8 25. Rb3 Ra7 26. Rfb1 Bc8 27. h3
Rba8 28. Bf5 Ra2 29. R3b2 Rxb2 30. Rxb2 Ra1+ 31. Kh2 Qc7+ 32. g3 Bxf5 33. Qxf5
Ra6 1/2-1/2

[Event "SG Witten 1 - SV Unna 1"]
[Site "Verbandsklasse - Gruppe 3 201"]
[Date "2018.10.07"]
[Round "2.5"]
[White "Eichhorn, Robin"]
[Black "Stephan, Joerg"]
[Result "1/2-1/2"]
[WhiteElo "1787"]
[BlackElo "1738"]
[PlyCount "40"]
[EventDate "2018.??.??"]

1. e4 c5 2. Nf3 Nc6 3. d4 cxd4 4. Nxd4 Nf6 5. Nc3 e5 6. Nb3 Bb4 7. Bg5 Bxc3+ 8.
bxc3 h6 9. Bxf6 Qxf6 10. Bc4 O-O 11. O-O d6 12. Bd5 Ne7 13. c4 Nxd5 14. cxd5
Qg6 15. Qe2 f5 16. f3 fxe4 17. fxe4 Bd7 18. c4 b6 19. Nd2 Rxf1+ 20. Rxf1 Rf8
1/2-1/2

[Event "SG Witten 1 - SV Unna 1"]
[Site "Verbandsklasse - Gruppe 3 201"]
[Date "2018.10.07"]
[Round "2.6"]
[White "Aufermann, Dirk"]
[Black "Bertschik, Jonas"]
[Result "1/2-1/2"]
[WhiteElo "1753"]
[BlackElo "1710"]
[PlyCount "49"]
[EventDate "2018.??.??"]

1. d4 d5 2. c4 c6 3. Nf3 Nf6 4. Nc3 dxc4 5. a4 Bf5 6. e3 e6 7. Bxc4 Be7 8. O-O
O-O 9. Qe2 Nbd7 10. e4 Bg4 11. h3 Bh5 12. e5 Nd5 13. Nxd5 cxd5 14. Bd3 Rc8 15.
Be3 Nb8 16. Rfc1 Qd7 17. Rxc8 Rxc8 18. g4 Bg6 19. Bxg6 hxg6 20. Qd1 Rc6 21. Rc1
Qc8 22. Ne1 Rxc1 23. Qxc1 Qxc1 24. Bxc1 Nc6 25. Be3 1/2-1/2

[Event "SG Witten 1 - SV Unna 1"]
[Site "Verbandsklasse - Gruppe 3 201"]
[Date "2018.10.07"]
[Round "2.7"]
[White "Watzlawek, Volker"]
[Black "Altenschoepfer, Maximilian"]
[Result "0-1"]
[WhiteElo "1639"]
[BlackElo "1553"]
[PlyCount "56"]
[EventDate "2018.??.??"]

1. Nf3 Nf6 2. g3 e6 3. Bg2 d5 4. d3 Be7 5. O-O O-O 6. Nbd2 c5 7. e4 d4 8. a4
Nc6 9. Nc4 Nd7 10. e5 Nb6 11. Nfd2 Qc7 12. Re1 Bd7 13. Nxb6 axb6 14. Nc4 b5 15.
Nd6 Bxd6 16. exd6 Qxd6 17. Bf4 e5 18. axb5 exf4 19. bxc6 Bxc6 20. Rxa8 Rxa8 21.
g4 h6 22. h4 Qf6 23. Bxc6 bxc6 24. h5 f3 25. Re4 Kf8 26. Kh2 Qh4+ 27. Kg1 Qh3
28. Qf1 Ra1 0-1

[Event "SG Witten 1 - SV Unna 1"]
[Site "Verbandsklasse - Gruppe 3 201"]
[Date "2018.10.07"]
[Round "2.8"]
[White "Papenkordt, Karl-Hermann"]
[Black "Seibert, Joachim"]
[Result "1-0"]
[WhiteElo "1548"]
[BlackElo "1611"]
[PlyCount "63"]
[EventDate "2018.??.??"]

1. d4 g6 2. e4 Bg7 3. Bc4 e6 4. Nf3 d6 5. Nc3 Ne7 6. O-O O-O 7. Bf4 Nd7 8. Qd2
Nb6 9. Be2 Bd7 10. Bh6 Nc6 11. Bxg7 Kxg7 12. a4 a5 13. d5 exd5 14. exd5 Nb4 15.
b3 Qf6 16. Rfd1 Bf5 17. Nd4 Rfe8 18. Nxf5+ Qxf5 19. Rac1 Re7 20. Bf3 Rae8 21.
Nb5 Nxc2 22. Kf1 Nb4 23. Nxc7 Rc8 24. Qd4+ Qe5 25. Qxb6 Qb2 26. Ne6+ fxe6 27.
Rxc8 Qxb3 28. Qd8 Kf6 29. dxe6 Nd3 30. Qxd6 Ne5 31. Rf8+ Nf7 32. Rxf7+ 1-0

[Event "SV Welper 2 - SC Doppelbauer Brambauer "]
[Site "Verbandsklasse - Gruppe 3 201"]
[Date "2018.10.07"]
[Round "2.1"]
[White "Wagner, Norbert"]
[Black "Sharma, Danesh"]
[Result "1/2-1/2"]
[WhiteElo "2030"]
[BlackElo "1885"]
[PlyCount "81"]
[EventDate "2018.??.??"]

1. Nf3 d5 2. d4 Nf6 3. c3 e6 4. Bg5 Be7 5. Nbd2 O-O 6. e3 Nbd7 7. Bd3 c5 8. O-O
h6 9. Bh4 b6 10. Bg3 Bb7 11. h3 Ne4 12. Bh2 f5 13. Ne1 Ndf6 14. f3 Nxd2 15.
Qxd2 c4 16. Bc2 g5 17. Qe2 Bd6 18. Be5 Nh5 19. Qf2 f4 20. exf4 Nxf4 21. Qe3
Bxe5 22. Qxe5 Qf6 23. Rd1 Qxe5 24. dxe5 Kg7 25. Rf2 Rac8 26. Kh2 Rc7 27. Rd4 b5
28. a3 a5 29. g3 Ng6 30. Bxg6 Kxg6 31. f4 Bc6 32. Nc2 Rb7 33. Ne3 b4 34. axb4
axb4 35. g4 gxf4 36. Ng2 bxc3 37. bxc3 Bd7 38. Nxf4+ Kh7 39. Rc2 Rb1 40. Nh5
Kg6 41. Nf6 1/2-1/2

[Event "SV Welper 2 - SC Doppelbauer Brambauer "]
[Site "Verbandsklasse - Gruppe 3 201"]
[Date "2018.10.07"]
[Round "2.2"]
[White "Teich, Udo"]
[Black "Koth, Stefan"]
[Result "0-1"]
[WhiteElo "1893"]
[BlackElo "2011"]
[PlyCount "46"]
[EventDate "2018.??.??"]

1. d4 d5 2. Nf3 Nf6 3. c4 c6 4. e3 e6 5. Nc3 Bd6 6. Bd3 O-O 7. O-O Nbd7 8. cxd5
exd5 9. Qc2 h6 10. h3 Re8 11. Re1 Nf8 12. Bd2 Bd7 13. e4 dxe4 14. Nxe4 Nxe4 15.
Rxe4 Rxe4 16. Bxe4 Be6 17. Rd1 Nd7 18. Bc3 Nf6 19. Bd3 Nd5 20. b3 Qf6 21. Be4
Rd8 22. Ne5 Nxc3 23. Qxc3 Bxe5 0-1

[Event "SV Welper 2 - SC Doppelbauer Brambauer "]
[Site "Verbandsklasse - Gruppe 3 201"]
[Date "2018.10.07"]
[Round "2.3"]
[White "Remmler, Volker"]
[Black "Leimkuehler, Dirk"]
[Result "1/2-1/2"]
[WhiteElo "2059"]
[BlackElo "1852"]
[PlyCount "38"]
[EventDate "2018.??.??"]

1. d4 f5 2. c4 Nf6 3. g3 g6 4. Bg2 Bg7 5. Nh3 Nc6 6. O-O O-O 7. d5 Ne5 8. Nd2
c6 9. Qb3 h6 10. Nf4 g5 11. Nd3 Nxd3 12. Qxd3 Ng4 13. Nf3 e5 14. e4 d6 15. Nd2
c5 16. h3 fxe4 17. Nxe4 Nf6 18. f3 Nxe4 19. fxe4 Rxf1+ 1/2-1/2

[Event "SV Welper 2 - SC Doppelbauer Brambauer "]
[Site "Verbandsklasse - Gruppe 3 201"]
[Date "2018.10.07"]
[Round "2.4"]
[White "Wallhof, Dieter"]
[Black "Schulz, Hartmut"]
[Result "0-1"]
[WhiteElo "1866"]
[BlackElo "2025"]
[PlyCount "78"]
[EventDate "2018.??.??"]

1. Nf3 d5 2. g3 c6 3. Bg2 Bg4 4. Ne5 Bh5 5. d4 e6 6. c3 Nd7 7. Nxd7 Qxd7 8. Be3
Nf6 9. f3 h6 10. Nd2 Be7 11. b4 O-O 12. h4 Qc7 13. f4 b6 14. Bf3 Bg4 15. Nb3 h5
16. O-O Rac8 17. a4 Nd7 18. Bxg4 hxg4 19. Kg2 f5 20. Qd2 Nf6 21. a5 Ne4 22. Qb2
Rb8 23. Rfc1 c5 24. Nd2 Nf6 25. Qa2 Rfc8 26. bxc5 bxc5 27. Rcb1 c4 28. Rxb8
Rxb8 29. a6 Qc6 30. Rb1 Rb6 31. Rxb6 Qxb6 32. Nb1 Qb5 33. Bc1 Nd7 34. Ba3 Qxa6
35. Qb2 Bxa3 36. Nxa3 Qb6 37. Qa1 Qb3 38. Nb1 Nf6 39. Kf1 Qd1+ 0-1

[Event "SV Welper 2 - SC Doppelbauer Brambauer "]
[Site "Verbandsklasse - Gruppe 3 201"]
[Date "2018.10.07"]
[Round "2.5"]
[White "Bracht, Michael"]
[Black "Sharma, Rakesh"]
[Result "1/2-1/2"]
[WhiteElo "1950"]
[BlackElo "1849"]
[Annotator "Daniel"]
[PlyCount "78"]
[EventDate "2018.??.??"]

1. d4 c6 2. Nf3 Nf6 3. c3 g6 4. Nbd2 d5 5. g3 Bg7 6. Bg2 O-O 7. O-O Ne4 8. Nxe4
dxe4 9. Ng5 f5 10. Qb3+ Qd5 11. f3 Qxb3 12. axb3 h6 13. Nh3 exf3 14. exf3 Be6
15. Re1 Kf7 16. b4 Nd7 17. Nf4 Bc4 18. Be3 a6 19. Rad1 Nf6 $11 20. Bf1 Bb3 21.
Rd2 Nd5 22. Nd3 Nxe3 23. Rxe3 b6 24. f4 a5 25. bxa5 Rxa5 26. Re1 Rd8 27. Rde2
Bf6 28. Ne5+ Bxe5 29. Rxe5 Rxe5 30. Rxe5 Kf6 $11 31. Kf2 e6 32. Re1 Ra8 33. Bd3
b5 34. Ke3 Ra2 35. Re2 Ra1 36. Bc2 Bc4 37. Bd3 Bb3 38. Bc2 Bc4 39. Bd3 Bb3
1/2-1/2

[Event "SV Welper 2 - SC Doppelbauer Brambauer "]
[Site "Verbandsklasse - Gruppe 3 201"]
[Date "2018.10.07"]
[Round "2.6"]
[White "Kleff, Tim"]
[Black "Jochmann, Christian"]
[Result "1/2-1/2"]
[WhiteElo "1769"]
[BlackElo "1822"]
[PlyCount "81"]
[EventDate "2018.??.??"]

1. d4 Nf6 2. c4 e6 3. Nc3 d5 4. Bg5 Be7 5. e3 O-O 6. Qc2 h6 7. Bh4 c6 8. Nf3
Nbd7 9. Bd3 dxc4 10. Bxc4 Nd5 11. Bg3 Re8 12. O-O Bf6 13. Rad1 Qa5 14. Nd2 N5b6
15. Bd3 e5 16. a3 exd4 17. Nb3 Qh5 18. Be2 Qg6 19. Bd3 Qh5 20. exd4 Nf8 21.
Rde1 Be6 22. Ne4 Be7 23. Nbc5 Qd5 24. Qc3 Bxc5 25. Qxc5 Red8 26. Nd6 Qxc5 27.
dxc5 Nc8 28. Be4 Nxd6 29. cxd6 Bc4 30. Rd1 Bxf1 31. Kxf1 Nd7 32. Bf5 g6 33. Bh3
f5 34. f4 Re8 35. Bh4 Kf7 36. Be7 Rxe7 37. dxe7 Kxe7 38. Rd4 Rd8 39. Ke2 Nf6
40. Rb4 b6 41. Ra4 1/2-1/2

[Event "SV Welper 2 - SC Doppelbauer Brambauer "]
[Site "Verbandsklasse - Gruppe 3 201"]
[Date "2018.10.07"]
[Round "2.7"]
[White "Natschke, Norbert"]
[Black "Schaller, Kai"]
[Result "1/2-1/2"]
[WhiteElo "1826"]
[BlackElo "1730"]
[PlyCount "73"]
[EventDate "2018.??.??"]

1. Nf3 c5 2. c4 g6 3. Nc3 Bg7 4. g3 Nc6 5. Bg2 Nf6 6. O-O O-O 7. e3 d5 8. b3 d4
9. exd4 cxd4 10. Nb5 a6 11. Na3 d3 12. Bb2 Re8 13. Re1 Qb6 14. Qc1 Qc5 15. Ne5
Bf5 16. Nxc6 bxc6 17. b4 Qb6 18. c5 Qb7 19. Nc4 Nd5 20. Bxd5 cxd5 21. Nb6 d4
22. Qd1 Be4 23. Rxe4 Qxe4 24. Nxa8 Rxa8 25. Qe1 Qb7 26. a3 a5 27. Qb1 Qb5 28.
bxa5 Rb8 29. Ra2 Qxc5 30. Qa1 Qxa5 31. Bxd4 Bxd4 32. Qxd4 Rb1+ 33. Kg2 Qa8+ 34.
f3 Rb3 35. a4 Qa5 36. Qc4 Rb4 37. Qxd3 1/2-1/2

[Event "SV Welper 2 - SC Doppelbauer Brambauer "]
[Site "Verbandsklasse - Gruppe 3 201"]
[Date "2018.10.07"]
[Round "2.8"]
[White "Krummsdorf, Sven"]
[Black "Zabel, Reinhard"]
[Result "1-0"]
[WhiteElo "1727"]
[BlackElo "1402"]
[PlyCount "37"]
[EventDate "2018.??.??"]

1. d4 d5 2. Nf3 Nf6 3. e3 e6 4. c4 Bb4+ 5. Bd2 Bxd2+ 6. Nbxd2 b6 7. Bd3 Bb7 8.
O-O Nbd7 9. Rc1 Rc8 10. cxd5 exd5 11. Qa4 a5 12. Ne5 O-O 13. Bf5 Nxe5 14. Bxc8
Bc6 15. Qc2 Bb5 16. dxe5 Bxf1 17. Bf5 Ne8 18. Kxf1 f6 19. Bxh7+ 1-0

[Event "SV Mülheim-Nord 4 - SC Listiger Bauer 1"]
[Site "Verbandsklasse - Gruppe 3 201"]
[Date "2018.10.07"]
[Round "2.1"]
[White "Kunisch, Siegfried"]
[Black "Oltmanns, Jan"]
[Result "1/2-1/2"]
[WhiteElo "2041"]
[BlackElo "1923"]
[PlyCount "79"]
[EventDate "2018.??.??"]

1. e4 Nf6 2. e5 Nd5 3. d4 d6 4. c4 Nb6 5. f4 g6 6. Be3 Bg7 7. Nc3 Be6 8. exd6
exd6 9. d5 Bf5 10. Bd4 Qe7+ 11. Be2 O-O 12. Bxg7 Kxg7 13. Nf3 N8d7 14. O-O Nc5
15. Nd4 Bd3 16. Nc2 Bxe2 17. Nxe2 Rfe8 18. Ng3 f5 19. Rc1 a5 20. Kh1 Nba4 21.
Nd4 Qf6 22. Qd2 Kg8 23. a3 Ne4 24. Nxe4 Rxe4 25. Ne6 Nxb2 26. c5 Nc4 27. Qd3
Ne3 28. Rf3 Nxd5 29. Qxd5 Qxe6 30. Qxb7 Re8 31. h3 Rc4 32. Rxc4 Qxc4 33. cxd6
cxd6 34. Qd7 Qe6 35. Qb5 Qe1+ 36. Kh2 Re6 37. Qd7 Re3 38. Rxe3 Qxe3 39. Qxd6
Qc3 40. Qd8+ 1/2-1/2

[Event "SV Mülheim-Nord 4 - SC Listiger Bauer 1"]
[Site "Verbandsklasse - Gruppe 3 201"]
[Date "2018.10.07"]
[Round "2.2"]
[White "Schmidt, Kevin"]
[Black "Klups, Christoph"]
[Result "0-1"]
[WhiteElo "1897"]
[BlackElo "1958"]
[PlyCount "72"]
[EventDate "2018.??.??"]

1. e4 c5 2. Nf3 Nc6 3. d4 cxd4 4. Nxd4 Nf6 5. Nc3 e5 6. Ndb5 d6 7. Bg5 a6 8.
Na3 b5 9. Nd5 Be7 10. Bxf6 Bxf6 11. c4 b4 12. Nc2 Rb8 13. b3 O-O 14. Be2 g6 15.
Qd2 Bg5 16. Qd3 f5 17. Bf3 f4 18. Rd1 Kh8 19. a3 a5 20. axb4 axb4 21. Ra1 Bh6
22. h4 Rf7 23. Ke2 Nd4+ 24. Nxd4 exd4 25. Ra4 Bg7 26. h5 g5 27. h6 Be5 28. Bh5
Rfb7 29. Qf3 Bd7 30. Ra6 Qc8 31. Kd3 Rb5 32. Ra2 Rxd5 33. exd5 Bf5+ 34. Kd2 d3
35. g4 Bc3+ 36. Kd1 Ra8 0-1